000 00653nam a2200241Ia 4500
003 OSt
005 20221006142608.0
006 a|||||r|||| 00| 0
007 ta
008 221006b |||||||| |||| 00| 0 eng d
020 _c85.00
024 _a6,712
037 _cTextual
040 _aEASL
_cEASL
_beng
041 _2eng
_aeng
082 _aY:7:7.4.N7, L5-.2
245 0 _aOriental countries to-day. 2 V
260 _aCalcutta
_bStatistical Publishing Society
_c1975
300 _a250p.
_ccm.
490 _vV1 Problems of socio-economic development
942 _hY:7:7.4.N7, L5-.2
_cTEXL
_2CC
999 _c1074798
_d1074798